Gia đình bé mọn : Tiểu thuyết

Na minha lista:
Detalhes bibliográficos
Autor principal: Dạ Ngân
Formato: Livro
Idioma:Undetermined
Publicado em: Hà Nội Phụ nữ 2006
Assuntos:
Tags: Adicionar Tag
Sem tags, seja o primeiro a adicionar uma tag!
Thư viện lưu trữ: Trung tâm Học liệu Trường Đại học Cần Thơ
LEADER 00551nam a2200217Ia 4500
001 CTU_101371
008 210402s9999 xx 000 0 und d
020 |c 35000 
082 |a 895.92234 
082 |b D100 
100 |a Dạ Ngân 
245 0 |a Gia đình bé mọn : 
245 0 |b Tiểu thuyết 
245 0 |c Dạ Ngân 
260 |a Hà Nội 
260 |b Phụ nữ 
260 |c 2006 
650 |a Vietnamese fiction 
650 |y 21st century 
904 |i Minh 
980 |a Trung tâm Học liệu Trường Đại học Cần Thơ